Catálogo

Comunicar con claridad / (Registro nro. 28287)

Detalles MARC
000 -LEADER
fixed length control field 01296cam a2200325 i 4500
001 - CONTROL NUMBER
control field 28287
003 - CONTROL NUMBER IDENTIFIER
control field Mx-PuUPA
005 - DATE AND TIME OF LATEST TRANSACTION
control field 20240703133957.0
008 - FIXED-LENGTH DATA ELEMENTS--GENERAL INFORMATION
fixed length control field 140415s1998 sp ad gr 000 0 spa d
020 ## - INTERNATIONAL STANDARD BOOK NUMBER
International Standard Book Number 8425333040
020 ## - INTERNATIONAL STANDARD BOOK NUMBER
International Standard Book Number 9788425333040
040 ## - CATALOGING SOURCE
Original cataloging agency Mx-PuUPA
Language of cataloging spa
Transcribing agency Mx-PuUPA
Modifying agency Mx-PuUPA
Description conventions rda
041 1# - LANGUAGE CODE
Language code of text/sound track or separate title spa
Language code of original eng
100 1# - MAIN ENTRY--PERSONAL NAME
Personal name Heller, Robert,
Dates associated with a name 1932-2012
9 (RLIN) 11262
Relator term autor
240 10 - UNIFORM TITLE
Uniform title Communicate clearly.
Language of a work Español
245 10 - TITLE STATEMENT
Title Comunicar con claridad /
Statement of responsibility, etc. Robert Heller ; traducción, Irene Saslavsky
264 #1 - PRODUCTION, PUBLICATION, DISTRIBUTION, MANUFACTURE, AND COPYRIGHT NOTICE
Place of production, publication, distribution, manufacture Barcelona :
Name of producer, publisher, distributor, manufacturer Grijalbo, Mondadori,
Date of production, publication, distribution, manufacture, or copyright notice ©1998
300 ## - PHYSICAL DESCRIPTION
Extent 72 páginas :
Other physical details ilustraciones, diagramas, tablas ;
Dimensions 18 cm
336 ## - CONTENT TYPE
Fuente rdacontent
Content type term texto
Content type code txt
337 ## - MEDIA TYPE
Source rdamedia
Media type term sin medio
Media type code n
338 ## - CARRIER TYPE
Source rdacarrier
Carrier type term volumen
Carrier type code nc
490 0# - SERIES STATEMENT
Series statement Biblioteca Esencial del Ejecutivo
500 ## - GENERAL NOTE
General note "Comprensión, Preguntas, Escuchar, Técnicas, Metas, Contestar, Actas, Informar, Agenda, Guía, Respuesta, Tarea, Interpretar" -- Cubierta, Portada
650 #7 - SUBJECT ADDED ENTRY--TOPICAL TERM
Source of heading or term armarc
Topical term or geographic name entry element Comunicación en administración
700 1# - ADDED ENTRY--PERSONAL NAME
Personal name Saslavsky, Irene,
Relator term traductor
765 0# - ORIGINAL LANGUAGE ENTRY
Main entry heading Heller, Robert, 1932-2012
Place, publisher, and date of publication Londres : Dorling Kindersley, ©1998
Title Communicate clearly.
942 ## - ADDED ENTRY ELEMENTS (KOHA)
Source of classification or shelving scheme Dewey Decimal Classification
Koha item type Libro
Classification part 658.45
Item part C7285
Existencias
Withdrawn status Lost status Source of classification or shelving scheme Damaged status Not for loan Collection code Home library Current library Shelving location Date acquired Source of acquisition Total Checkouts Full call number Barcode Date last seen Price effective from Koha item type
    Dewey Decimal Classification     General Tehuacán Tehuacán Sala general 03/12/2013 Compra   658.45 C7285 1998 968000002462 08/01/2025 03/12/2013 Libro